[Event "Lleida-ch U16"]
[Site "Vilanova de Segria"]
[Date "2012.02.04"]
[Round "4.6"]
[White "Trota Donisa, Gerard"]
[Black "Teixido Rosauro, Ivan"]
[Result "1/2-1/2"]
[WhiteElo "1700"]
[BlackElo "1715"]
[PlyCount "131"]
[EventDate "2012.01.14"]
[EventType "swiss"]
[EventRounds "6"]
[EventCountry "ESP"]
[SourceTitle "EXT 2024"]
[Source "ChessBase"]
[SourceDate "2023.10.10"]
[SourceVersion "1"]
[SourceVersionDate "2023.10.10"]
[SourceQuality "1"]

1. c4 e5 2. Nc3 d6 3. Nf3 Nd7 4. g3 Be7 5. Bg2 Ngf6 6. d4 c6 7. dxe5 dxe5 8. Bg5 0-0 9. 0-0 Qc7 10. Ne4 Re8 11. Qc2 h6 12. Bxf6 Bxf6 13. Rfd1 c5 14. Rd3 b6 15. Rad1 Re7 16. Nxf6+ gxf6 17. Nxe5 Nxe5 18. Rd8+ Kg7 19. Bxa8 Nc6 20. Bxc6 Qxc6 21. R1d6 Qb7 22. Qc3 Re5 23. Qf3 Qxf3 24. exf3 Bh3 25. Rd1 f5 26. R8d5 Re2 27. Rd7 a6 28. R7d2 Re5 29. f4 Re4 30. Rc2 Bg4 31. Rdc1 Bh3 32. f3 Re3 33. Kf2 Rd3 34. Rb1 b5 35. cxb5 axb5 36. Rxc5 Rd2+ 37. Ke1 Rxh2 38. Rcc1 Rg2 39. b3 Rxg3 40. a4 Rxf3 41. axb5 Rxf4 42. b4 Re4+ 43. Kf2 f4 44. b6 Re6 45. b7 Rb6 46. b5 h5 47. Rc6 Rxb7 48. b6 Be6 49. Rc7 Rb8 50. b7 Bd5 51. Rc8 Rxb7 52. Rxb7 Bxb7 53. Rc4 Kg6 54. Ke2 h4 55. Kf2 h3 56. Kg1 f3 57. Kf2 h2 58. Rc1 Kg5 59. Rh1 f5 60. Rxh2 Kf4 61. Rh4+ Kg5 62. Rb4 Be4 63. Kg3 Bc6 64. Rf4 Bb7 65. Rd4 Be4 66. Rb4 1/2-1/2